Online Catalogue and eLibrary

Communalism or Nationalism (Record no. 5809)

MARC details
000 -LEADER
fixed length control field 00458nam a2200157Ia 4500
005 - DATE AND TIME OF LATEST TRANSACTION
control field 20250129034523.0
008 - FIXED-LENGTH DATA ELEMENTS--GENERAL INFORMATION
fixed length control field 240331s9999 xx 000 0 und d
020 ## - INTERNATIONAL STANDARD BOOK NUMBER
ISBN
082 ## - DDC Classification
Item Number - Author Mark COM
Class No. 954
245 #0 - TITLE STATEMENT
Title Communalism or Nationalism
260 ## - PUBLICATION, DISTRIBUTION, ETC.
Place of publication, distribution, etc. Chunnakam
Name of publisher, distributor, etc. The Thirumakal press
Date of publication, distribution, etc. 1939
300 ## - PHYSICAL DESCRIPTION
Extent (e.g. Volumes, Pages etc.) 115 p .,
500 ## - GENERAL NOTE
General note This is addressed to the Tamils in particular and to the Ceylonese in general
700 ## - ADDED ENTRY--PERSONAL NAME
Personal name Perinbanayaham, S.H.
Relator term (Role) Editor
942 ## - Koha item type (Biblio)
Koha item type Books in Stacks (Lending)
Holdings
Lost status Damaged status Collection code Home library Current library Shelving location Date acquired Full call number Accession Number Item type
    Lending WERC Library WERC Library Social Science Cupboard 03/31/2024 954 COM 6799 Books in Stacks (Lending)

© WERC Library